| 000 | 00924nac a22002291u 4500 | ||
|---|---|---|---|
| 010 | _a 2003025556 | ||
| 020 | _a0201786958 (pbk. : alk. paper) | ||
| 082 | 0 | 0 |
_a005.8 _bH6797 |
| 090 |
_c2804 _d2804 |
||
| 100 | _aHoglund, Greg. | ||
| 245 | 1 | 0 |
_aExploiting software :how to break code / _bhow to break code / _cGreg Hoglund, Gary McGraw. |
| 260 |
_aBoston :2004. _bAddison-Wesley, _cc2004. |
||
| 300 |
_axxxv, 471 p. : _bill. ; _c24 cm. |
||
| 504 | _aIncludes bibliographical references (p. 449-451) and index. | ||
| 650 | 0 | _aComputer security. | |
| 650 | 0 |
_aComputer software _xTesting. |
|
| 650 | 0 | _aComputer hackers. | |
| 700 | 1 |
_aMcGraw, Gary, _d1966- |
|
| 856 | 4 | 1 |
_3Table of contents _uhttp://www.loc.gov/catdir/toc/ecip0411/2003025556.html |
| 942 |
_cBB _k005.8H6797 |
||
| 999 |
_c2804 _d2804 |
||